|
|
|
|
| LEADER |
00771nam a2200193 i 4500 |
| 001 |
c000129476 |
| 003 |
CARM |
| 005 |
00000000000000.0 |
| 008 |
850204s1885 enk 0 eng d |
| 019 |
1 |
|
|a 10225450
|5 LACONCORD2021
|
| 035 |
|
|
|a (OCoLC)221669049
|5 LACONCORD2021
|
| 100 |
0 |
|
|a Victoria,
|c Queen of Great Britain,
|d 1819-1901.
|
| 245 |
1 |
0 |
|a More leaves from the journal of a life in the Highlands.
|
| 260 |
|
|
|a London :
|b Smith, Elder,
|c 1885.
|
| 300 |
|
|
|a 272 p. :
|b illus.
|
| 651 |
|
0 |
|a Highlands (Scotland)
|x Description and travel.
|
| 852 |
8 |
|
|b CARM
|h A2:AE18G0
|i A00346
|p 0055112
|f BK
|
| 999 |
f |
f |
|i 7ebc3e05-c477-5210-baf5-dcb5de97e84e
|s 40333762-47f7-5937-b38f-ac679e0e933a
|
| 952 |
f |
f |
|p Can circulate
|a CAVAL
|b CAVAL
|c CAVAL
|d CARM 1 Store
|e A00346
|f A2:AE18G0
|h Other scheme
|i book
|m 0055112
|